01414cam a2200277 a 45000010009000000050017000090080041000260100017000670150019000840160018001030200023001210200026001440350023001700350020001930500022002131000019002352450130002542600048003843000038004325040064004705050438005346500028009726500029010006500025010298560082010541468335520170126114859.0061229s2007 njuab b 001 0 eng  a 2006103523 aGBA6983752bnb7 a0136076372Uk a0471998494 (cloth) a9780471998495 (cloth) a(OCoLC)ocm76798200 a(OCoLC)7679820000aNA1996 .E487 20071 aElvin, George.10aIntegrated practice in architecture :bmastering design-build, fast-track, and building information modeling /cGeorge Elvin. aHoboken, N.J. :bJohn Wiley & Sons,cc2007. axi, 255 p. :bill., map ;c25 cm. aIncludes bibliographical references (p. 219-225) and index.0 aWhy integrate? -- Introducing integrated practice -- What is integrated practice? -- Strategies and methods of integrated practice -- Building the integrated project team -- Planning the integrated project -- Communication and building information modeling -- Managing risk, uncertainty, and change -- Putting ideas to work -- Adopting integrated practice -- Beyond fragmentation -- Stewardship and the future of integrated practice. 0aArchitectural practice. 0aArchitects and builders. 0aBuilding management.413Table of contents onlyuhttp://www.loc.gov/catdir/toc/ecip077/2006103523.html